000 00999nam a22002295i 4500
001 153620
003 ES-MaACL
005 20250903015808.0
008 050808s1787 fr | |||||||| ||fre d
040 _aCAM
_bspa
_cCAM
245 0 0 _aElémens d'arithmétique, de géometrie et d'algébre
_b: suivis d'un Traité élémentaire de trigonométrie rectiligne & sphérique & d'une introduction au calcul infinitézimal...
250 _aTroisième édition revue, corrigée & augmentée.
260 _aA Montauban :
_bde l'Imprimerie de Vincent Teulieres ...,
_c1787.
300 _axxiv, 471, [1] p., VI h. pleg. de grab., III h. pleg. de tablas ;
_c8º.
597 _aSign.: A-C4, A-Z4, Aa-SS4, Tt3, Vv-Zz4, Aaa-Ooo4.
597 _aError de pag., pasa de la pag. 386 a 381.
599 _aLas h. de grab. calc.: "Gravé par Mercadier"
650 7 _aMatemáticas
_2embne
_914814
852 _aES-MaACL
_jR-1430
_z-- Enc. piel
_x-- Olim: G-12076
942 _2udc
999 _c153620
_d153620